IPPC new requirements for landfill gas producers (Record no. 70074)
[ view plain ]
| 000 -LEADER | |
|---|---|
| fixed length control field | 01044cam a2200217 4500 |
| 001 - CONTROL NUMBER | |
| control field | WB3815-13 |
| 008 - FIXED-LENGTH DATA ELEMENTS--GENERAL INFORMATION | |
| fixed length control field | 020425n2002 000 0 eng u |
| 035 ## - SYSTEM CONTROL NUMBER | |
| System control number | (Sirsi) u117676 |
| 245 ## - TITLE STATEMENT | |
| Title | IPPC new requirements for landfill gas producers |
| 260 ## - PUBLICATION, DISTRIBUTION, ETC. | |
| Date of publication, distribution, etc. | 2002 |
| 490 ## - SERIES STATEMENT | |
| Series statement | RICS Minerals and Waste Management Faculty News |
| Volume/sequential designation | 25 April 2002 (1) |
| 520 ## - SUMMARY, ETC. | |
| Summary, etc. | In view of the forthcoming extension of the Integrated Pollution Prevention and Control, IPPS regime to landfills, via the Landfill Regulations, http://www.environment-agency.gov.uk/yourenv/consultations/ippclandfill/?lang=_e®ion= guidance has been issued to explain the requirements to be met when installing new landfill gas equipment. http://www.rics.org/ricscms/bin/show?class=News&template=/includes/shownews.html&id=2350 |
| 590 ## - LOCAL NOTE (RLIN) | |
| Local note | WB |
| 650 ## - SUBJECT ADDED ENTRY--TOPICAL TERM | |
| Topical term or geographic name entry element | LANDFILL GAS |
| 650 ## - SUBJECT ADDED ENTRY--TOPICAL TERM | |
| Topical term or geographic name entry element | EQUIPMENT |
| 650 ## - SUBJECT ADDED ENTRY--TOPICAL TERM | |
| Topical term or geographic name entry element | ENVIRONMENT AGENCY |
| 650 ## - SUBJECT ADDED ENTRY--TOPICAL TERM | |
| Topical term or geographic name entry element | INTEGRATED POLLUTION PREVENTION AND CONTROL |
| 650 ## - SUBJECT ADDED ENTRY--TOPICAL TERM | |
| Topical term or geographic name entry element | LANDFILL TAX CREDIT SCHEME |
| 690 ## - LOCAL SUBJECT ADDED ENTRY--TOPICAL TERM (OCLC, RLIN) | |
| Topical term or geographic name as entry element | ENVIRONMENT-MANAGEMENT |
| 942 ## - ADDED ENTRY ELEMENTS (KOHA) | |
| Suppress in OPAC | 0 |
| Withdrawn status | Lost status | Source of classification or shelving scheme | Damaged status | Not for loan | Home library | Current library | Shelving location | Date acquired | Total Checkouts | Full call number | Barcode | Date last seen | Copy number | Price effective from | Koha item type |
|---|---|---|---|---|---|---|---|---|---|---|---|---|---|---|---|
| Dewey Decimal Classification | London | London | News article | 25/04/2002 | WB3815-13 | 117676-1001 | 06/08/2019 | 1 | 06/08/2019 | News article |